<?xml version="1.0" encoding="UTF-8"?>
<record
    xmlns:xsi="http://www.w3.org/2001/XMLSchema-instance"
    xsi:schemaLocation="http://www.loc.gov/MARC21/slim http://www.loc.gov/standards/marcxml/schema/MARC21slim.xsd"
    xmlns="http://www.loc.gov/MARC21/slim">

  <leader>03005nam a2200373Ii 4500</leader>
  <datafield tag="999" ind1=" " ind2=" ">
    <subfield code="c">9558</subfield>
    <subfield code="d">9558</subfield>
  </datafield>
  <controlfield tag="001">11361564</controlfield>
  <controlfield tag="003">OCoLC</controlfield>
  <controlfield tag="005">20241126110714.0</controlfield>
  <controlfield tag="008">840508s1984    miua     b    001 0 eng  </controlfield>
  <datafield tag="010" ind1=" " ind2=" ">
    <subfield code="a">84071337</subfield>
  </datafield>
  <datafield tag="020" ind1=" " ind2=" ">
    <subfield code="a">0801024994</subfield>
  </datafield>
  <datafield tag="020" ind1=" " ind2=" ">
    <subfield code="a">9780801024993</subfield>
    <subfield code="q">(pbk.)</subfield>
  </datafield>
  <datafield tag="020" ind1=" " ind2=" ">
    <subfield code="a">0801020867</subfield>
  </datafield>
  <datafield tag="035" ind1=" " ind2=" ">
    <subfield code="a">(OCoLC)11361564</subfield>
    <subfield code="z">(OCoLC)11365980</subfield>
    <subfield code="z">(OCoLC)778410933</subfield>
  </datafield>
  <datafield tag="040" ind1=" " ind2=" ">
    <subfield code="a">DLC</subfield>
    <subfield code="b">eng</subfield>
    <subfield code="c">DLC</subfield>
    <subfield code="d">BTCTA</subfield>
    <subfield code="d">YDXCP</subfield>
    <subfield code="d">HNW</subfield>
    <subfield code="d">OCLCQ</subfield>
    <subfield code="d">OCLCF</subfield>
    <subfield code="d">MXL</subfield>
    <subfield code="d">LMR</subfield>
    <subfield code="d">OCLCQ</subfield>
    <subfield code="d">DML</subfield>
    <subfield code="d">SGB</subfield>
    <subfield code="d">NLC</subfield>
    <subfield code="d">OCLCQ</subfield>
    <subfield code="d">UKMGB</subfield>
    <subfield code="d">OCLCO</subfield>
  </datafield>
  <datafield tag="050" ind1="0" ind2="0">
    <subfield code="a">BS540</subfield>
    <subfield code="b">.C36 1984</subfield>
  </datafield>
  <datafield tag="055" ind1=" " ind2="1">
    <subfield code="a">BS540</subfield>
  </datafield>
  <datafield tag="082" ind1="0" ind2="0">
    <subfield code="a">220.601</subfield>
    <subfield code="2">19</subfield>
    <subfield code="b">CAR</subfield>
  </datafield>
  <datafield tag="100" ind1="1" ind2=" ">
    <subfield code="a">Carson, D. A.</subfield>
    <subfield code="9">20</subfield>
  </datafield>
  <datafield tag="245" ind1="1" ind2="0">
    <subfield code="a">Exegetical fallacies /</subfield>
    <subfield code="c">D.A. Carson.</subfield>
  </datafield>
  <datafield tag="250" ind1=" " ind2=" ">
    <subfield code="a">2nd ed.</subfield>
  </datafield>
  <datafield tag="260" ind1=" " ind2=" ">
    <subfield code="a">Grand Rapids, Mich. :</subfield>
    <subfield code="b">Baker Book House,</subfield>
    <subfield code="c">1996.</subfield>
  </datafield>
  <datafield tag="300" ind1=" " ind2=" ">
    <subfield code="a">148 pages :</subfield>
    <subfield code="b">illustrations ;</subfield>
    <subfield code="c">22 cm</subfield>
  </datafield>
  <datafield tag="336" ind1=" " ind2=" ">
    <subfield code="a">text</subfield>
    <subfield code="b">txt</subfield>
    <subfield code="2">rdacontent</subfield>
  </datafield>
  <datafield tag="337" ind1=" " ind2=" ">
    <subfield code="a">unmediated</subfield>
    <subfield code="b">n</subfield>
    <subfield code="2">rdamedia</subfield>
  </datafield>
  <datafield tag="338" ind1=" " ind2=" ">
    <subfield code="a">volume</subfield>
    <subfield code="b">nc</subfield>
    <subfield code="2">rdacarrier</subfield>
  </datafield>
  <datafield tag="504" ind1=" " ind2=" ">
    <subfield code="a">Includes bibliographical references and indexes.</subfield>
  </datafield>
  <datafield tag="505" ind1="0" ind2=" ">
    <subfield code="a">Preface -- Introduction -- Word-Study Fallacies -- Grammatical Fallacies -- Logical Fallacies -- Presuppositional and Historical Fallacies -- Concluding Reflections.</subfield>
  </datafield>
  <datafield tag="520" ind1=" " ind2=" ">
    <subfield code="a">"I hope that by talking about what should not be done in exegesis, we may all desire more deeply to interpret the Word of God aright," says the author. "If I focus on the negative, it is in the hope that you will thereby profit more deeply from the positive instruction you glean from texts and lectures." Forty-eight kinds of fallacies are organized in this volume into four groups: (1) word-study, (2) grammatical, (3) logical, and (4) presuppositional and historical fallacies. "These pages make no claim to comprehensiveness in the kind of error discussed," writes the author. "Entries are treated because in my experience they are among the most common." Specific illustrations of fallacies abound. They are drawn from the works of liberals and conservatives, Calvinists and Arminians, unknowns and world-class scholars. "By and large my examples have been drawn from fairly serious sources, not popular publications where the frequency of error is much higher," the author writes. "But I have also included a few examples from popular preachers." This lively, enlightening, and not uncontroversial volume begins by discussing the importance of the study of exegetical fallacies, the dangers of it, and its limits. The book concludes with a list of seven areas "either not mentioned or barely alluded to in this book where more opportunities for fallacies lurk in the darkness to catch the unwary." The author has not written a highly technical book, aiming it instead at seminary students, pastors, and undergraduate Bible students with a command of elementary Greek. - Back cover.</subfield>
  </datafield>
  <datafield tag="630" ind1="0" ind2="0">
    <subfield code="a">Bible</subfield>
    <subfield code="x">Criticism, interpretation, etc.</subfield>
    <subfield code="9">144</subfield>
  </datafield>
  <datafield tag="650" ind1=" " ind2="0">
    <subfield code="a">Errors.</subfield>
    <subfield code="9">16626</subfield>
  </datafield>
  <datafield tag="776" ind1="0" ind2="8">
    <subfield code="i">Online version:</subfield>
    <subfield code="a">Carson, D.A.</subfield>
    <subfield code="t">Exegetical fallacies.</subfield>
    <subfield code="d">Grand Rapids, Mich. : Baker Book House, 1984</subfield>
    <subfield code="w">(OCoLC)564729421</subfield>
  </datafield>
  <datafield tag="942" ind1=" " ind2=" ">
    <subfield code="2">ddc</subfield>
    <subfield code="c">BK</subfield>
  </datafield>
  <datafield tag="952" ind1=" " ind2=" ">
    <subfield code="0">0</subfield>
    <subfield code="1">0</subfield>
    <subfield code="2">ddc</subfield>
    <subfield code="4">0</subfield>
    <subfield code="7">0</subfield>
    <subfield code="a">GBC</subfield>
    <subfield code="b">GBC</subfield>
    <subfield code="c">BS</subfield>
    <subfield code="d">2023-03-14</subfield>
    <subfield code="l">2</subfield>
    <subfield code="o">220.601 CAR</subfield>
    <subfield code="p">016043</subfield>
    <subfield code="r">2026-03-02 10:27:29</subfield>
    <subfield code="s">2026-02-23</subfield>
    <subfield code="t">c.1</subfield>
    <subfield code="w">2023-03-14</subfield>
    <subfield code="y">BK</subfield>
  </datafield>
  <datafield tag="952" ind1=" " ind2=" ">
    <subfield code="0">0</subfield>
    <subfield code="1">0</subfield>
    <subfield code="2">ddc</subfield>
    <subfield code="4">0</subfield>
    <subfield code="7">0</subfield>
    <subfield code="a">GBC</subfield>
    <subfield code="b">GBC</subfield>
    <subfield code="c">BS</subfield>
    <subfield code="d">2024-06-21</subfield>
    <subfield code="l">4</subfield>
    <subfield code="m">1</subfield>
    <subfield code="o">220.601 CAR</subfield>
    <subfield code="p">016877</subfield>
    <subfield code="r">2025-07-01 12:24:10</subfield>
    <subfield code="s">2025-06-30</subfield>
    <subfield code="t">c.2</subfield>
    <subfield code="w">2024-06-21</subfield>
    <subfield code="y">BK</subfield>
  </datafield>
  <datafield tag="952" ind1=" " ind2=" ">
    <subfield code="0">0</subfield>
    <subfield code="1">0</subfield>
    <subfield code="2">ddc</subfield>
    <subfield code="4">0</subfield>
    <subfield code="7">0</subfield>
    <subfield code="a">GBC</subfield>
    <subfield code="b">GBC</subfield>
    <subfield code="c">BS</subfield>
    <subfield code="d">2025-07-22</subfield>
    <subfield code="l">1</subfield>
    <subfield code="o">220.601 CAR</subfield>
    <subfield code="p">017109</subfield>
    <subfield code="r">2026-02-16 11:02:52</subfield>
    <subfield code="s">2026-02-13</subfield>
    <subfield code="t">c.3</subfield>
    <subfield code="w">2025-07-22</subfield>
    <subfield code="y">BK</subfield>
  </datafield>
  <datafield tag="952" ind1=" " ind2=" ">
    <subfield code="0">0</subfield>
    <subfield code="1">0</subfield>
    <subfield code="2">ddc</subfield>
    <subfield code="4">0</subfield>
    <subfield code="7">0</subfield>
    <subfield code="a">GBC</subfield>
    <subfield code="b">GBC</subfield>
    <subfield code="c">BS</subfield>
    <subfield code="d">2025-07-22</subfield>
    <subfield code="l">1</subfield>
    <subfield code="o">220.601 CAR</subfield>
    <subfield code="p">017110</subfield>
    <subfield code="r">2026-02-16 10:25:02</subfield>
    <subfield code="s">2026-02-09</subfield>
    <subfield code="t">c.4</subfield>
    <subfield code="w">2025-07-22</subfield>
    <subfield code="y">BK</subfield>
  </datafield>
  <datafield tag="952" ind1=" " ind2=" ">
    <subfield code="0">0</subfield>
    <subfield code="1">0</subfield>
    <subfield code="2">ddc</subfield>
    <subfield code="4">0</subfield>
    <subfield code="7">0</subfield>
    <subfield code="a">GBC</subfield>
    <subfield code="b">GBC</subfield>
    <subfield code="c">BS</subfield>
    <subfield code="d">2025-07-22</subfield>
    <subfield code="l">2</subfield>
    <subfield code="o">220.601 CAR</subfield>
    <subfield code="p">017111</subfield>
    <subfield code="r">2026-03-10 14:09:47</subfield>
    <subfield code="s">2026-02-27</subfield>
    <subfield code="t">c.5</subfield>
    <subfield code="w">2025-07-22</subfield>
    <subfield code="y">BK</subfield>
  </datafield>
</record>
